Find the Numbers FAST! Quiz Stats

 Plays Quiz not verified by Sporcle

Challenge
Share
Tweet
Embed
Score 0/300 Timer 01:00
0 Plays Today
Numbers % Correct
1
100%
2
100%
3
100%
4
100%
5
100%
6
100%
7
100%
8
100%
9
100%
10
100%
11
100%
12
100%
13
100%
14
100%
15
100%
16
100%
17
100%
18
100%
19
100%
20
100%
21
100%
22
100%
23
100%
24
100%
25
100%
26
100%
27
100%
28
100%
29
100%
30
100%
31
100%
32
100%
33
100%
34
100%
35
100%
36
100%
37
100%
39
100%
38
100%
40
100%
41
100%
42
100%
43
100%
44
100%
45
100%
46
100%
47
100%
48
100%
49
100%
50
100%
51
100%
52
100%
53
100%
54
100%
55
100%
56
100%
57
100%
58
100%
59
100%
60
100%
61
100%
62
100%
63
100%
64
100%
65
100%
66
100%
67
100%
68
100%
69
100%
70
100%
71
100%
73
100%
74
100%
75
100%
76
100%
77
100%
78
100%
79
100%
80
100%
81
100%
82
100%
83
100%
84
100%
85
100%
86
100%
87
100%
88
100%
89
100%
90
100%
91
100%
92
100%
93
100%
94
100%
95
100%
96
100%
97
100%
98
100%
100
100%
99
100%
99
99.4%
Numbers % Correct
98
99.4%
97
99.4%
96
99.4%
95
99.4%
94
99.4%
93
99.4%
92
99.4%
91
99.4%
90
99.4%
89
99.4%
88
99.4%
87
99.4%
86
99.4%
85
99.4%
84
99.4%
83
99.4%
82
99.4%
81
99.4%
80
99.4%
79
99.4%
78
99.4%
77
99.4%
76
99.4%
75
99.4%
74
99.4%
73
99.4%
72
99.4%
71
99.4%
70
99.4%
69
99.4%
68
99.4%
67
99.4%
66
99.4%
65
99.4%
63
99.4%
64
99.4%
62
99.4%
61
99.4%
60
99.4%
59
99.4%
58
99.4%
57
99.4%
55
99.4%
54
99.4%
53
99.4%
52
99.4%
51
99.4%
50
99.4%
49
99.4%
48
99.4%
47
99.4%
46
99.4%
45
99.4%
44
99.4%
43
99.4%
42
99.4%
41
99.4%
40
99.4%
39
99.4%
38
99.4%
37
99.4%
36
99.4%
35
99.4%
34
99.4%
33
99.4%
32
99.4%
31
99.4%
30
99.4%
29
99.4%
28
99.4%
27
99.4%
26
99.4%
25
99.4%
24
99.4%
23
99.4%
22
99.4%
21
99.4%
20
99.4%
19
99.4%
18
99.4%
17
99.4%
16
99.4%
15
99.4%
14
99.4%
13
99.4%
12
99.4%
11
99.4%
10
99.4%
9
99.4%
8
99.4%
7
99.4%
6
99.4%
5
99.4%
4
99.4%
3
99.4%
2
99.4%
1
99.4%
100
99.4%
100
98.6%
1
98.6%
Numbers % Correct
2
98.6%
4
98.6%
3
98.6%
5
98.6%
6
98.6%
7
98.6%
8
98.6%
9
98.6%
10
98.6%
11
98.6%
12
98.6%
13
98.6%
14
98.6%
15
98.6%
16
98.6%
17
98.6%
18
98.6%
19
98.6%
20
98.6%
21
98.6%
22
98.6%
23
98.6%
24
98.6%
25
98.6%
26
98.6%
27
98.6%
28
98.6%
29
98.6%
30
98.6%
31
98.6%
32
98.6%
33
98.6%
34
98.6%
35
98.6%
36
98.6%
37
98.6%
38
98.6%
40
98.6%
41
98.6%
42
98.6%
43
98.6%
44
98.6%
45
98.6%
46
98.6%
47
98.6%
48
98.6%
49
98.6%
50
98.6%
51
98.6%
52
98.6%
53
98.6%
54
98.6%
55
98.6%
56
98.6%
57
98.6%
58
98.6%
59
98.6%
60
98.6%
61
98.6%
62
98.6%
63
98.6%
64
98.6%
65
98.6%
66
98.6%
67
98.6%
68
98.6%
69
98.6%
70
98.6%
71
98.6%
72
98.6%
73
98.6%
74
98.6%
75
98.6%
76
98.6%
77
98.6%
78
98.6%
79
98.6%
80
98.6%
81
98.6%
82
98.6%
83
98.6%
84
98.6%
85
98.6%
86
98.6%
87
98.6%
88
98.6%
89
98.6%
90
98.6%
91
98.6%
92
98.6%
93
98.6%
94
98.6%
95
98.6%
96
98.6%
97
98.6%
98
98.6%
99
98.6%
Missing:72
66.6%
Missing:56
45.4%
Missing:39
35.7%

You're not logged in!

Compare scores with friends on all Sporcle quizzes.
OR
Log In

You Might Also Like...

Show Comments

Extras

Top Quizzes Today


Score Distribution

Your Account Isn't Verified!

In order to create a playlist on Sporcle, you need to verify the email address you used during registration. Go to your Sporcle Settings to finish the process.

Report this User

Report this user for behavior that violates our Community Guidelines.

Details: